Normal view
MARC view
Entry Corporate Name
001 - CONTROL NUMBER
- control field: 46742
003 - CONTROL NUMBER IDENTIFIER
- control field: OSt
005 - DATE AND TIME OF LATEST TRANSACTION
- control field: 20220918173646.0
008 - FIXED-LENGTH DATA ELEMENTS
- fixed length control field: 220918|| aca||aabn | a|a d
040 ## - CATALOGING SOURCE
- Original cataloging agency: OSt
- Transcribing agency: OSt
110 ## - HEADING--CORPORATE NAME
- Corporate name or jurisdiction name as entry element: UNION First word
670 ## - SOURCE DATA FOUND
- Source citation: Work cat.: (OSt)149453: UNION First word, Union list of serials in libraries of the United states and Canada, supplement to 2nd January 1941-December 1943, ed. by Gabrielle E. Malikoff, 1942
